000 01888nam a2200349 a 4500
001 BRCA_3328
005 20190320204227.0
008 240309s1880----enka---###---#000-0#eng-#
041 _aeng
044 _aenk
084 _a622
_b.N56
_c1880
100 1 _aCervantes Saavedra, Miguel de
_d1547-1616
_9213
245 1 0 _aThe History of Don Quixote de la Mancha
_cTranslated from the Spanish by Motteux.
260 _aLondres
_bJ. C. Nimmo and Bain
_c1880-1881
300 _a4 v.
_bil.
_c20 cm.
500 _aContenido : v.1. Primera parte. Noticia biográfica sobre P. A. Motteux por H. van Laun. Vida de Cervantes por Lockhart. Prólogo del autor. Notas. 1880. -- v.2. Primera parte. Notas. 1881. -- v.3. Segunda parte. Prólogo de Cervantes. Notas. 1881. -- v.4. Segunda parte. notas
500 _aEdición : Edited with Notes and Memoir by John G. Lockhart, Preceded by a Short Notice of the Life and Works of Motteux by Henry van Laun. With 16 Originally Etchings by R. de los Ríos
500 _aReproducción de la traducción de Motteux ajustada a las editadas por Lockhart. Los editores le han añadido una extensa biografía de Motteux, y va adornada con técnicamente bien logrados aguafuertes de R. de los Ríos. Tela Lúdovik Osterc
500 _aQM480
546 _aTexto en : inglés
650 1 4 _aNovela española
_yÉpoca clásica, 1500-1700
_9215
650 1 4 _aLiteratura española
_yÉpoca clásica, 1500-1700
_9216
650 1 4 _aNovela española
_ySiglo XVII
_9217
650 1 4 _aDon Quijote (Personaje ficticio)
_eNovela
_9218
700 1 _aMotteux, Peter Anthony
_d1663-1718
_eTraductor
_98790
700 1 _aLockhart, John Gibson
_d1794-1854
_eAnotador
_98791
700 1 _aLaun, Henry van
_d1820-1896
_eAnotador
_98792
700 1 _aRíos, R. de los
_eIlustrador
_98793
740 0 _aEl Ingenioso Hidalgo Don Quijote de la Mancha
902 _aQFM
942 _2lcc
_cB
999 _c3064
_d3064